LEADER 01163nam a22003011i 4500 001 991001089889707536 005 20021118124537.0 008 021118s1991 it |||||||||||||||||ita 020 $a8831754246 035 $ab12098437-39ule_inst 035 $aARCHE-018823$9ExL 040 $aDip.to Filologia Ling. e Lett.$bita$cA.t.i. Arché s.c.r.l. Pandora Sicilia s.r.l. 082 04$a782.1094 100 1 $aStrohm, Reinhard$0169291 245 12$aL'opera italiana nel Settecento /$cReinhard Strohm ; traduzione dal tedesco di Leonardo Cavari e Lorenzo Bianconi 260 $aVenezia :$bMarsilio,$c1991 300 $a412 p. ;$c22 cm 490 0 $aSaggi [Marsilio].$pMusica critica 650 4$aOpere in musica$ySec. 17.-18 700 1 $aBianconi, Lorenzo 700 1 $aCavari, Leonardo 765 0 $titalienische Oper im 18. Jahrhundert 907 $a.b12098437$b28-04-17$c01-04-03 912 $a991001089889707536 945 $aLE008 FL.M. VII A 109$g1$iLE008N-7304$lle008$o-$pE0.00$q-$rl$s- $t0$u0$v0$w0$x0$y.i12400312$z01-04-03 996 $aOpera italiana nel Settecento$9139768 997 $aUNISALENTO 998 $ale008$b01-04-03$cm$da $e-$fita$git $h2$i1 LEADER 05236nam 22006135 450 001 9910298407303321 005 20200705181023.0 010 $a3-319-93233-0 024 7 $a10.1007/978-3-319-93233-0 035 $a(CKB)4100000005820383 035 $a(DE-He213)978-3-319-93233-0 035 $a(MiAaPQ)EBC5494738 035 $a(PPN)229919189 035 $a(EXLCZ)994100000005820383 100 $a20180817d2018 u| 0 101 0 $aeng 135 $aurnn|008mamaa 181 $ctxt$2rdacontent 182 $cc$2rdamedia 183 $acr$2rdacarrier 200 10$aAdvances in Plant Ecophysiology Techniques /$fedited by Adela M. Sánchez-Moreiras, Manuel J. Reigosa 205 $a1st ed. 2018. 210 1$aCham :$cSpringer International Publishing :$cImprint: Springer,$d2018. 215 $a1 online resource (XI, 497 p. 110 illus., 70 illus. in color.) 311 $a3-319-93232-2 327 $aPreface -- 1. In vitro and in vivo bioassays -- 2. Root morphology -- 3. Plant photosynthetic pigments: Methods and tricks for correct quantification and identification -- 4. Measuring photosynthesis and respiration with infrared gas analysers -- 5. Chlorophyll fluorescence: a practical approach to study ecophysiology of green plants -- 6. Thermoluminescence: a tool to study ecophysiology of green plants -- 7. Determining plant water relations -- 8. Thermal imaging and infrared sensing in plant ecophysiology -- 9. Photoprotection and photo-oxidative stress markers as useful tools to unravel plant invasion success -- 10. Reactive oxygen species and antioxidant enzymatic systems in plants: role and methods -- 11. Flow cytometric measurement of different physiological parameters -- 12. Flow cytometry: cell cycle -- 13. Mitotic index -- 14. Fluorescent probes and live imaging of plant cells -- 15. Confocal and transmission electron microscopy for plant studies -- 16. Plant programmed cell death (PCD): using cell morphology as a tool to investigate plant PCD -- 17. Visualization of plant microtubules -- 18. Multiprobe in-situ hybridization to whole mount Arabidopsis seedlings -- 19. Proteomics analysis of plant tissues based on two-dimensional gel electrophoresis -- 20. Metabolomics and metabolic profiling ? investigation of dynamic plant-environment interactions at the functional level -- 21. SAR / QSAR -- 22. Elucidating the phytotoxic potential of natural compounds -- 23. Exploring plants strategies for allelochemical detoxification -- 24. Chemical characterization of volatile organic compounds (VOCs) through headspace solid phase micro extraction (SPME) -- 25. Carbon radiochemicals (14C) and stable isotopes (13C): crucial tools to study plant-soil interactions in ecosystems -- 26. Stable-isotope techniques to investigate sources of plant water -- 27. Soil microorganisms -- 28. Computational approach to study ecophysiology. 330 $aThis handbook covers the most commonly used techniques for measuring plant response to biotic and abiotic stressing factors, including: in vitro and in vivo bioassays; the study of root morphology, photosynthesis (pigment content, net photosynthesis, respiration, fluorescence and thermoluminiscence) and water status; thermal imaging; the measurement of oxidative stress markers; flow cytometry for measuring cell cycle and other physiological parameters; the use of microscope techniques for studying plant microtubules; programmed-cell-death, and other parameters; last-generation techniques (metabolomics, proteomics, SAR/QSAR); hybridization methods; isotope techniques for plant and soil studies; and the measurement of detoxification pathways, volatiles, soil microorganisms, and computational biology. Every chapter is focused on the measurement of a parameter from a very practical point of view, including its use in plant ecophysiology and the meaning of the results that can be obtained. 606 $aPlant ecology 606 $aPlant physiology 606 $aBotanical chemistry 606 $aCell physiology 606 $aAgriculture 606 $aPlant Ecology$3https://scigraph.springernature.com/ontologies/product-market-codes/L19112 606 $aPlant Physiology$3https://scigraph.springernature.com/ontologies/product-market-codes/L33020 606 $aPlant Biochemistry$3https://scigraph.springernature.com/ontologies/product-market-codes/L14021 606 $aCell Physiology$3https://scigraph.springernature.com/ontologies/product-market-codes/L33010 606 $aAgriculture$3https://scigraph.springernature.com/ontologies/product-market-codes/L11006 615 0$aPlant ecology. 615 0$aPlant physiology. 615 0$aBotanical chemistry. 615 0$aCell physiology. 615 0$aAgriculture. 615 14$aPlant Ecology. 615 24$aPlant Physiology. 615 24$aPlant Biochemistry. 615 24$aCell Physiology. 615 24$aAgriculture. 676 $a581.7 702 $aSánchez-Moreiras$b Adela M$4edt$4http://id.loc.gov/vocabulary/relators/edt 702 $aReigosa$b Manuel J$4edt$4http://id.loc.gov/vocabulary/relators/edt 906 $aBOOK 912 $a9910298407303321 996 $aAdvances in Plant Ecophysiology Techniques$92508890 997 $aUNINA